MARC-Details
| 000 -Satzkennung |
| Kontrollfeld mit fester Länge |
03254nam a22003973i 4500 |
| 001 - Kontrollnummer |
| Kontrollfeld |
EBC1962351 |
| 003 - Kontrollnummer Identifier |
| Kontrollfeld |
MiAaPQ |
| 005 - Datum und Zeit der letzten Transaktion |
| Kontrollfeld |
20240130130805.0 |
| 007 - Feld mit fester Länge zur physischen Beschreibung - Allgemeine Information |
| Kontrollfeld mit fester Länge |
cr cnu|||||||| |
| 008 - Feld mit fester Länge zur physischen Beschreibung - Allgemeine Angaben |
| Kontrollfeld mit fester Länge |
240128s2014 xx o ||||0 eng d |
| 020 ## - Internationale Standardbuchnummer |
| Internationale Standardbuchnummer |
9780748670130 |
| Nähere Angaben |
(electronic bk.) |
| 020 ## - Internationale Standardbuchnummer |
| Gelöschte/ungültige ISBN |
9780748670123 |
| 040 ## - Katalogisierungsquelle |
| Original-Katalogisierungsstelle |
MiAaPQ |
| Katalogisierungssprache |
eng |
| Übertragungsstelle |
MiAaPQ |
| 245 14 - Titel |
| Titel |
The long 1890s in Egypt : |
| Zusatz zum Titel |
colonial quiescence, subterranean resistance |
| Verfasserangabe etc. |
edited by Marilyn Booth and Anthony Gorman |
| 264 #1 - Produktion, Veröffentlichung, Distribution, Herstellung und Urheberrechtsvermerk |
| Herstellungs-, Veröffentlichungs- Vertriebs-, Erzeugungsort |
Edinburgh : |
| Produzent, Herausgeber, Distributor, Hersteller |
Edinburgh University Press, |
| Datum der Herstellung, der Veröffentlichung, des Vertriebs oder des Urheberschutzvermerks |
2014. |
| 264 #4 - Produktion, Veröffentlichung, Distribution, Herstellung und Urheberrechtsvermerk |
| Datum der Herstellung, der Veröffentlichung, des Vertriebs oder des Urheberschutzvermerks |
©2014. |
| 300 ## - Physische Beschreibung |
| Umfang |
1 online resource (449 pages) |
| 336 ## - Inhaltstyp |
| Inhaltstypterm |
Text |
| Inhaltstypcode |
txt |
| Quelle |
rdacontent |
| 337 ## - Medientyp |
| Bezeichnung des Medientyps |
Computermedien |
| Medientypcode |
c |
| Quelle |
rdamedia |
| 338 ## - Datenträgertyp |
| Datenträgertypbezeichnung |
Online Resource |
| Datenträgertypcode |
cr |
| Quelle |
rdacarrier |
| 500 ## - Allgemeine Fußnote |
| Allgemeine Fußnote |
E-Book-ProQuest / Fernzugriff nach Registrierung möglich |
| 505 0# - Fußnote zu strukturierten Inhaltsangaben |
| Fußnote zu strukturierten Inhaltsangaben |
Intro -- Title page -- Copyright -- Contents -- The Contributors -- Tables and Figures -- Introduction The Long 1890s in Egypt: Colonial Quiescence, Subterranean Resistance -- I INSTITUTIONALISING AUTHORITY, CLAIMING JURISDICTION AND SPACE -- 1 Documenting Death: Inquests, Governance and Belonging in 1890s Alexandria -- 2 The Scales of Public Utility: Agricultural Roads and State Space in the Era of the British Occupation -- 3 Training Teachers How to Teach: Transnational Exchange and the Introduction of Social-Scientific Pedagogy in 1890s Egypt -- 4 Legitimising Lay and State Authority: Challenging the Coptic Church in Late Nineteenth-Century Egypt -- 5 Criminal Statistics in the Long 1890s -- II CHALLENGING AUTHORITY IN CONTESTED SPACES -- 6 Anomalous Egypt? Rethinking Egyptian Sovereignty at the Western Periphery -- 7 Regulating Sexuality: The Colonial-National Struggle over Prostitution after the British Invasion of Egypt -- 8 Internationalist Thought, Local Practice: Life and Death in the Anarchist Movement in 1890s Egypt -- 9 Cromer's Assault on 'Internationalism': British Colonialism and the Greeks of Egypt, 1882-1907 -- III PROBING AUTHORITY WITH THE WRITTEN WORD -- 10 'And I Saw No Reason to Chronicle My Life': Tensions of Nationalist Modernity in the Memoirs of Fathallah Pasha Barakat -- 11 My Sister Esther: Reflections on Judaism, Ottomanism and Empire in the Works of Farah Antun -- 12 Romances of History: Jurji Zaydan and the Rise of the Historical Novel -- 13 Before Qasim Amin: Writing Women's History in 1890s Egypt -- Bibliography -- Index. |
| 520 ## - Fußnote zu Zusammenfassungen usw. |
| Fußnote zur Zusammenfassung usw. |
13 case studies challenge the prevailing view that the 1890s in Egypt was a time of withdrawal and quiescence and, for the first time, gives you a wide ranging and theoretically coherent study of a period that was crucial to the formation of modern Egypt. |
| 650 #7 - Nebeneintragung unter einem Schlagwort - Sachschlagwort |
| Quelle der Ansetzung oder des Terms |
gnd |
| Sachschlagwort oder geografischer Name als Eintragungselement |
Kolonialismus |
| 651 #7 - Nebeneintragung unter einem Schlagwort - Geografischer Name |
| Quelle der Ansetzung oder des Terms |
gnd |
| Geografischer Name |
Ägypten |
| Koha-Normdatenidentnummer |
3579 |
| 651 #7 - Nebeneintragung unter einem Schlagwort - Geografischer Name |
| Quelle der Ansetzung oder des Terms |
gnd |
| Geografischer Name |
Großbritannien |
| Koha-Normdatenidentnummer |
60743 |
| 653 ## - Indexierungsterm - Nicht normiert |
| Nicht-normierter Term |
Egypt -- Politics and government -- 1882-1952. |
| 653 ## - Indexierungsterm - Nicht normiert |
| Nicht-normierter Term |
Egypt -- History -- British occupation, 1882-1936. |
| 655 ## - Indexierungsterm - Genre/Form |
| Genre/Form oder fokussierter Term |
Fernzugriff |
| Koha-Normdatenidentnummer |
230 |
| 655 #4 - Indexierungsterm - Genre/Form |
| Genre/Form oder fokussierter Term |
|
| 700 1# - Nebeneintragung - Personenname |
| Personenname |
Booth, Marilyn |
| Funktionsbezeichnungscode |
edt |
| Funktionsbezeichnung |
editor |
| Koha-Normdatenidentnummer |
39591 |
| 700 1# - Nebeneintragung - Personenname |
| Personenname |
Gorman, Anthony. |
| Koha-Normdatenidentnummer |
60661 |
| Funktionsbezeichnungscode |
edt |
| Funktionsbezeichnung |
editor |
| 856 40 - Elektronische Adresse und Zugriff |
| URL |
<a href="https://ebookcentral.proquest.com/lib/maxweberstiftung-ebooks/detail.action?docID=1962351">https://ebookcentral.proquest.com/lib/maxweberstiftung-ebooks/detail.action?docID=1962351</a> |
| OPAC-Notiz |
Volltext |
| 942 ## - Zusätzliche Felder (Koha) |
| Koha-Medientyp |
E-Books |
| Klassifikation oder Aufstellungssystematik |
Andere/Generische Klassifikation |